El manejo de los recursos naturales no renovables : (Registro nro. 5260)

Detalles MARC
000 -CABECERA
Campo de control 00914nam a2200229 a 4500
005 - FECHA Y HORA DE LA ULTIMA TRANSACCION
Campo de control 20191217041922.0
008 - ELEMENTOS DE LONGITUD FIJA—INFORMACION GENERAL
Campo de control 140319s2005 ck d fr|||| 000 0 spa d
020 ## - ISBN
ISBN 958701541X
040 ## - FUENTE DE CATALOGACIÓN
Agencia catalogadora original CO-BoIAVH
Agencia transcriptora CO-BoIAVH
041 0# - IDIOMA
Código de idioma para texto/pista de sonido o título separado Español
044 ## - PAÍS DE PUBLICACIÓN
País de publicación Colombia
082 04 - NUMERO DE CLASIFICACION DECIMAL DEWEY
Número de clasificación 354
Número del ítem G64m
100 1# - ASIENTO PRINCIPAL--NOMBRE PERSONAL
Nombre personal González, Jorge Iván
9 (RLIN) 22801
245 13 - MENCION DE TITULO
Título El manejo de los recursos naturales no renovables :
Parte restante del título sus efectos fiscales y macroeconómicos
Mención de responsabilidad FEDESARROLLO, Centro de Investigaciones para el Desarrollo, Universidad Nacional de Colombia
260 ## - PUBLICACION, DISTRIBUCION, ETC. (PIE DE IMPRENTA)
Lugar de publicación, distribución, etc. Bogotá :
Nombre del editor, distribuidor, etc. Universidad Nacional de Colombia :
-- Centro de Investigaciones para el Desarrollo :
-- Fedesarrollo,
Fecha de publicación, distribución, etc. 2005.
300 ## - DESCRIPCION FISICA
Extensión 119 páginas :
Otros detalles físicos Gráficos ;
Dimensiones 24 x 18 cm.
650 #6 - ASIENTO SECUNDARIO DE MATERIA - TERMINO TEMATICO
Término temático o nombre geográfico como elemento de entrada Recursos naturales no renovables
9 (RLIN) 52844
650 #6 - ASIENTO SECUNDARIO DE MATERIA - TERMINO TEMATICO
Término temático o nombre geográfico como elemento de entrada Impacto económico
9 (RLIN) 14927
650 #6 - ASIENTO SECUNDARIO DE MATERIA - TERMINO TEMATICO
Término temático o nombre geográfico como elemento de entrada Manejo de recursos
9 (RLIN) 3533
700 1# - ASIENTO SECUNDARIO - NOMBRE PERSONAL
Nombre personal Zapata, Juan Gonzalo
9 (RLIN) 22802
942 ## - ELEMENTOS ADICIONALES (KOHA)
Tipo de ítem Libro
Sistema de clasificación Dewey Decimal Classification
Existencias
Withdrawn status Lost status Sistema de Clasificación Damaged status No para préstamo Colección Inventariado Ubicación Permanente Ubicación actual Fecha de adquisición Fuente de Valor Valor Total Checkouts Número topográfico Inventario / Código de Barras Date last seen Ejemplar Price effective from Forma de adquisición Tipo de material
    Dewey Decimal Classification     General Inventariado 2017 Bogotá Bogotá 15/05/2006 Instituto 15000.00   LB-354 G64m 023207 04/12/2012 Ej. 1 04/12/2012   Libro